[Event "Druzynowe Mistrzostwa Polski Juniorow - I Liga 2023"]
[Site "Lublin"]
[Date "1899-12-30"]
[Round "8.8"]
[White "Sputowski, Jakub"]
[Black "Bartodziej, Bartosz"]
[Result "0-1"]
[WhiteTitle "I"]
[BlackTitle "I+"]
[WhiteElo "1780"]
[BlackElo "1836"]

1. e4 c5 2. Nf3 d6 3. d4 cxd4 4. Nxd4 Nf6 5. Nc3 a6 6. a4 e5 7. Nb3 Be7 8. Be2
O-O 9. O-O Be6 10. Bf3 Nbd7 11. Be3 Rc8 12. a5 Qc7 13. Re1 Qc6 14. Nd2 Nc5 15.
Bxc5 Qxc5 16. Ra3 Rfd8 17. Qe2 d5 18. exd5 Nxd5 19. Nxd5 Bxd5 20. Rc3 Bxf3 21.
Nxf3 Qxa5 22. Rxc8 Rxc8 23. c3 f6 24. Rd1 Rd8 25. Qc4+ Kf8 26. Rxd8+ Qxd8 27.
g3 Qd7 28. Qe4 g6 29. Qe3 Kg7 30. Qe4 Qc6 31. Qe2 Qd5 32. Nd2 f5 33. Nc4 e4 34.
Ne3 Qc6 35. Qd2 Bf6 36. Qd1 b5 37. Qd2 h5 38. Qd1 Qe6 39. Qd2 Kh7 40. Nd5 Be5
41. Nf4 Qd6 42. Qe3 g5 43. Nh3 Qd1+ 44. Kg2 Qf3+ 45. Kf1 Qxe3 46. fxe3 Kg6 47.
Kg2 a5 48. Nf2 Bxc3 49. Nd1 Be5 50. Kf2 a4 51. Ke2 Bxb2 52. Nxb2 0-1

[Event "Druzynowe Mistrzostwa Polski Juniorow - I Liga 2023"]
[Site "Lublin"]
[Date "1899-12-30"]
[Round "8.9"]
[White "Nawalaniec, Adam"]
[Black "Liskiewicz, Jakub"]
[Result "1/2-1/2"]
[WhiteTitle "I++"]
[BlackTitle "I++"]
[WhiteElo "1926"]
[BlackElo "1970"]

1. e4 Nf6 2. e5 Nd5 3. d4 d6 4. Nf3 g6 5. c4 Nb6 6. exd6 cxd6 7. Nc3 Bg7 8. Be2
O-O 9. O-O Nc6 10. d5 Na5 11. Nd4 e5 12. Ndb5 Naxc4 13. b3 a6 14. bxc4 axb5 15.
Nxb5 e4 16. Bf4 Bd7 17. Nxd6 Ba4 18. Qc1 g5 19. Bg3 f5 20. Nxb7 Qe7 21. Bd6 Qxb7
22. Bxf8 Bxa1 23. Qxg5+ Kxf8 24. Rxa1 Qf7 25. Bh5 h6 26. Qxh6+ Qg7 27. Qd6+ Kg8
28. Re1 Nxc4 29. Qe6+ Kh8 30. Qxf5 Bc2 31. h3 Rf8 32. Qe6 Ne5 33. Re3 Nf3+ 34.
Bxf3 exf3 35. Qe5 fxg2 36. Qxg7+ Kxg7 37. Kxg2 Rd8 38. Re5 Kf6 39. f4 Ra8 40.
Kf2 Bf5 41. Re2 Ra4 42. Rd2 Rxf4+ 43. Kg3 Ra4 44. d6 Ra3+ 45. Kf4 Bd7 46. Ke4
Rxh3 47. Kd4 Ke6 48. Kc4 Bc6 49. Kc5 Kd7 50. Kb4 Rh5 51. Kc4 Rb5 52. Rd1 Rb2 53.
a3 Rc2+ 54. Kb3 Rc5 55. Kb4 Rh5 56. Kc4 Ke6 57. Rd2 Rh3 58. Kb4 Kd7 59. Rd1 Rh4+
60. Kc5 Ra4 61. Rd3 Be4 62. Re3 Ra5+ 63. Kb4 Re5 64. Kc4 Bd5+ 65. Kd4 Rh5 66.
Re5 Rxe5 1/2-1/2

[Event "Druzynowe Mistrzostwa Polski Juniorow - I Liga 2023"]
[Site "Lublin"]
[Date "1899-12-30"]
[Round "8.10"]
[White "Przybylski, Jan"]
[Black "Klim, Juliusz"]
[Result "1-0"]
[WhiteTitle "I+"]
[BlackTitle "I+"]
[WhiteElo "1767"]
[BlackElo "1708"]

1. e4 c5 2. Nf3 d6 3. d4 cxd4 4. Nxd4 Nf6 5. Nc3 a6 6. Bg5 e6 7. f4 h6 8. Bh4 Qb6
9. a3 Be7 10. Bf2 Qc7 11. Qf3 Nc6 12. O-O-O Bd7 13. g4 Nxd4 14. Bxd4 Rc8 15. Rg1
e5 16. Be3 d5 17. exd5 Bxa3 18. Bd2 e4 19. Qf2 Nxd5 20. Rg3 Bb4 21. Qd4 Bxc3 22.
Bxc3 Nf6 23. g5 hxg5 24. fxg5 Rxh2 25. gxf6 g6 26. Qxe4+ Be6 27. Rxg6 Rh8 28.
Rg7 b5 29. Qxe6+ fxe6 30. Rxc7 Rxc7 31. f7+ 1-0

[Event "Druzynowe Mistrzostwa Polski Juniorow - I Liga 2023"]
[Site "Lublin"]
[Date "1899-12-30"]
[Round "8.11"]
[White "Sprzeczka, Emilia"]
[Black "Mroz, Lena"]
[Result "1-0"]
[WhiteTitle "I++"]
[BlackTitle "I++"]
[WhiteElo "1769"]
[BlackElo "1691"]

1. e4 c5 2. c3 d5 3. exd5 Qxd5 4. d4 e6 5. Nf3 Nf6 6. Na3 a6 7. Nc4 Nbd7 8. Be2
b5 9. Nfd2 e5 10. dxe5 Nxe5 11. Nxe5 Qxe5 12. O-O Be7 13. Re1 Qc7 14. Bf3 Ra7
15. c4 O-O 16. b3 Rd8 17. Qe2 b4 18. Bb2 h6 19. Rad1 Bf5 20. Ne4 Bxe4 21. Bxe4
Qb6 22. Bf5 g6 23. Bc2 Rad7 24. Rxd7 Rxd7 25. h4 h5 26. Qf3 Kg7 27. g3 Bd8 28.
Bb1 Qd6 29. Bc2 Qb6 30. Be4 Rd2 31. Bc1 Rd6 32. Bd5 Rd7 33. Bb2 Be7 34. Qf4 Qc7
35. Rxe7 Qxf4 36. Rxd7 Qg4 37. Rxf7+ Kh6 38. Bxf6 g5 39. Rg7 Qd1+ 40. Kg2 gxh4
41. Be4 h3+ 42. Kh2 1-0

[Event "Druzynowe Mistrzostwa Polski Juniorow - I Liga 2023"]
[Site "Lublin"]
[Date "1899-12-30"]
[Round "8.12"]
[White "Lajdamik, Kinga"]
[Black "Izafatava, Kira"]
[Result "0-1"]
[WhiteTitle "I++"]
[BlackTitle "I"]
[WhiteElo "1440"]
[BlackElo "1423"]

1. e4 c5 2. Nf3 e6 3. d3 g6 4. Nbd2 Bg7 5. g3 Ne7 6. Bg2 Nbc6 7. O-O O-O 8. Re1
d5 9. e5 Qc7 10. Qe2 Nf5 11. c3 b6 12. Nf1 d4 13. c4 Bb7 14. Bf4 a6 15. h4 h6
16. Qd2 Qe7 17. N1h2 Kh7 18. Bh3 Rae8 19. Qe2 b5 20. b3 b4 21. h5 Rh8 22. g4 Nh4
23. Bg3 Nxf3+ 24. Nxf3 Qd7 25. Nd2 Ne7 26. Ne4 Bxe4 27. Qxe4 Kg8 28. hxg6 fxg6
29. f4 Qc6 30. Qe2 h5 31. Bg2 Qd7 32. gxh5 Rxh5 33. Bf3 Rh7 34. Qg2 Nf5 35. Bc6
Qe7 36. Bxe8 Qxe8 37. Bf2 Bh6 38. Re4 Kf7 39. Kf1 a5 40. Ke2 a4 41. Qh1 Qh8 42.
Qd1 Bf8 43. Kd2 Rh2 44. Qf3 Rh3 45. Qg4 Rh2 46. Re2 a3 47. Rg1 Qh6 48. Be1 Ne3
49. Qf3 Rh3 50. Rg3 Rh1 51. Rxe3 dxe3+ 52. Qxe3 Qh2+ 53. Qe2 Bh6 54. Rf3 Bxf4+
55. Kd1 Qxe2+ 56. Kxe2 g5 57. Rf1 Rxf1 58. Kxf1 Bxe5 59. Bf2 Bd4 60. Bxd4 cxd4
61. Kf2 e5 62. Kf3 Ke6 63. Ke4 g4 64. c5 Kd7 65. c6+ Kxc6 66. Kxe5 g3 0-1

[Event "Druzynowe Mistrzostwa Polski Juniorow - I Liga 2023"]
[Site "Lublin"]
[Date "1899-12-30"]
[Round "8.13"]
[White "Wydmanski, Szymon"]
[Black "Wieczorek, Mikolaj"]
[Result "1/2-1/2"]
[WhiteTitle "I"]
[BlackTitle "I++"]
[WhiteElo "1804"]
[BlackElo "1962"]

1. Nf3 b6 2. d4 Bb7 3. c4 e6 4. a3 Nf6 5. Nc3 Be7 6. d5 O-O 7. e4 exd5 8. cxd5
d6 9. Nd4 c5 10. Nf5 Bc8 11. Ne3 Re8 12. g4 Bf8 13. Bd3 Nfd7 14. h4 Ne5 15. Be2
Ba6 16. f4 Ned7 17. Bxa6 Nxa6 18. Qe2 Nc7 19. a4 a6 20. g5 b5 21. axb5 axb5 22.
Rxa8 Qxa8 23. Nxb5 Qa5+ 24. Nc3 Rxe4 25. O-O Re8 26. h5 Qb4 27. Qg4 Nb6 28. h6
Nc4 29. Nf5 g6 30. Ng3 Ne3 31. Bxe3 Rxe3 32. Rf3 Re1+ 33. Kf2 Re7 34. Qc8 Qxb2+
35. Kf1 Qc1+ 36. Kg2 Nxd5 37. Nge4 Qc2+ 38. Kg3 Rxe4 39. Nxd5 Re6 40. f5 gxf5
41. Nf6+ Rxf6 42. gxf6 Qe4 43. Rxf5 Qe3+ 44. Kg4 Qg1+ 1/2-1/2

[Event "Druzynowe Mistrzostwa Polski Juniorow - I Liga 2023"]
[Site "Lublin"]
[Date "1899-12-30"]
[Round "8.14"]
[White "Nagly, Wojciech"]
[Black "Krupinski, Mikolaj"]
[Result "1/2-1/2"]
[WhiteTitle "I"]
[BlackTitle "I"]
[WhiteElo "1817"]
[BlackElo "1745"]

1. d4 c5 2. e3 e6 3. Nf3 Nf6 4. c4 b6 5. Nc3 Bb7 6. Be2 cxd4 7. exd4 d5 8. O-O
Be7 9. b3 O-O 10. Bb2 Nc6 11. Rc1 Rc8 12. h3 Qd7 13. Ne5 Qd6 14. Bf3 dxc4 15.
Nxc4 Qb8 16. Ne3 Rfd8 17. d5 Ne5 18. Qd4 Nxf3+ 19. gxf3 Bc5 20. Qh4 Nxd5 21. Ncxd5
Bxd5 22. Ng4 h5 23. Rxc5 hxg4 24. Qg5 f6 25. Bxf6 Rd7 26. Be5 Qb7 27. Rxc8+ Qxc8
28. Qxg4 Qc2 29. Bf4 Qe2 30. Kg2 Rf7 31. Rc1 Qxf3+ 32. Qxf3 Rxf4 33. Rc8+ Kh7
34. Qxd5 exd5 35. Rc7 a5 36. a3 a4 37. Rb7 axb3 38. Rxb6 Ra4 39. Rxb3 Kg6 40.
Kf1 Kh5 41. Ke2 g5 42. Kf3 Rf4+ 43. Kg3 Ra4 44. f3 Kg6 45. Rd3 Kf6 46. Rxd5 Rxa3
47. Rd4 Kf5 48. h4 gxh4+ 49. Rxh4 Kg5 50. Rb4 Ra6 51. Rb5+ Kf6 52. Kg4 Ra4+ 53.
f4 Ra6 54. Rh5 Kg6 55. f5+ Kg7 56. Rh1 Kf7 57. Rh7+ Kg8 58. Rb7 Kf8 59. Kg5 Rc6
60. Rb8+ Kf7 61. Rb7+ Kf8 62. Kf4 Ra6 63. Rb5 Rc6 64. Ke5 Ra6 65. Rc5 Kf7 66.
Rb5 Rc6 67. Rb7+ Ke8 68. Kf4 Ra6 69. Kg5 Kf8 70. Rb1 Kg7 71. Rb7+ Kf8 72. f6 Ra1
73. Rb8+ Kf7 74. Rb7+ Kf8 75. Rb5 Rg1+ 76. Kf5 Rf1+ 77. Ke6 Re1+ 78. Re5 Rxe5+
79. Kxe5 Kf7 80. Kf5 Kf8 81. Kg4 Kf7 82. Kg5 Kf8 83. Kg6 1/2-1/2

[Event "Druzynowe Mistrzostwa Polski Juniorow - I Liga 2023"]
[Site "Lublin"]
[Date "1899-12-30"]
[Round "8.15"]
[White "Kania, Franciszek"]
[Black "Gibala, Adam"]
[Result "1/2-1/2"]
[WhiteTitle "I"]
[BlackTitle "I"]
[WhiteElo "1831"]
[BlackElo "1763"]

1. e4 c5 2. Nf3 Nc6 3. Bb5 e6 4. O-O Nge7 5. Re1 a6 6. Bf1 d5 7. exd5 Nxd5 8. c3
Be7 9. a4 O-O 10. Na3 b6 11. Nc2 Bb7 12. d4 cxd4 13. Ncxd4 Bf6 14. Nxc6 Bxc6 15.
Nd4 Bb7 16. Be2 Qc7 17. Bf3 Rfd8 18. Qb3 Bxd4 19. cxd4 h6 20. Be3 Rac8 21. Rac1
Qd6 22. Bxd5 Bxd5 23. Qd3 a5 24. Qb5 Qb4 25. Qxb4 axb4 26. Rxc8 Rxc8 27. Rc1 Ra8
28. Ra1 Kf8 29. Bd2 b3 30. a5 bxa5 31. Rxa5 Rc8 32. Bb4+ Kg8 33. Bc5 Kh7 34. f3
g5 35. Kf2 Kg6 36. g3 f5 37. Ke3 h5 38. Ra7 Rh8 39. h3 1/2-1/2

[Event "Druzynowe Mistrzostwa Polski Juniorow - I Liga 2023"]
[Site "Lublin"]
[Date "1899-12-30"]
[Round "8.16"]
[White "Dobrowolski, Kamil"]
[Black "Gruca, Karol"]
[Result "1/2-1/2"]
[WhiteTitle "II"]
[BlackTitle "II+"]
[WhiteElo "1539"]
[BlackElo "1484"]

1. e4 c5 2. Nf3 Nc6 3. d4 cxd4 4. Nxd4 g6 5. Nc3 Bg7 6. Be3 Nf6 7. Nb3 O-O 8. Qd2
d6 9. O-O-O Be6 10. Kb1 a5 11. a4 Ng4 12. Bg5 Bxb3 13. cxb3 Qb6 14. f3 Nf2 15.
Be3 Qxb3 16. Bxf2 Bxc3 17. Qc2 Qxc2+ 18. Kxc2 Bf6 19. h4 Rfc8 20. Kb1 Nb4 21.
Rd2 Rc7 22. g4 Rac8 23. Bb5 Rc2 24. Rhd1 Bxb2 25. Rxc2 Rxc2 26. Be1 Ba3 27. Bxb4
Rb2+ 28. Ka1 Rxb4 29. Ka2 Bb2 30. Rb1 Bc3 31. Rxb4 Bxb4 32. h5 gxh5 33. gxh5 Bd2
34. Kb3 Kg7 35. Kc2 Bf4 36. Be8 f6 37. Bd7 Kh6 38. Be8 Kg5 39. Kd3 Kh4 40. Bf7
Kg5 41. Bg8 h6 42. Bf7 Bc1 43. Kc2 Ba3 44. Kd3 Kf4 45. Ke2 f5 46. Bg6 fxe4 47.
fxe4 Ke5 48. Kd3 e6 49. Ke3 d5 50. exd5 exd5 51. Be8 Kd6 52. Kd4 Bb2+ 53. Kd3
Bf6 54. Ke3 Ke7 55. Bb5 Ke6 56. Be2 b6 57. Bb5 1/2-1/2

[Event "Druzynowe Mistrzostwa Polski Juniorow - I Liga 2023"]
[Site "Lublin"]
[Date "1899-12-30"]
[Round "8.17"]
[White "Bar, Klaudia"]
[Black "Kulczycka, Zofia"]
[Result "1-0"]
[WhiteTitle "I++"]
[BlackTitle "I+"]
[WhiteElo "1840"]
[BlackElo "1470"]

1. Nf3 d5 2. g3 e6 3. Bg2 Nf6 4. O-O Be7 5. d3 O-O 6. Nbd2 c5 7. e4 Nc6 8. Re1
Qc7 9. e5 Nd7 10. Qe2 b5 11. Nf1 Bb7 12. h4 Rac8 13. c3 b4 14. Bf4 Qa5 15. Rec1
c4 16. d4 Nb6 17. h5 Na4 18. Qd2 Ba6 19. N1h2 Rb8 20. h6 g6 21. Ng4 bxc3 22. bxc3
Qd8 23. Bg5 Nb6 24. Bxe7 Qxe7 25. Nf6+ Kh8 26. Qf4 Nd7 27. Nxd7 Ra8 1-0

[Event "Druzynowe Mistrzostwa Polski Juniorow - I Liga 2023"]
[Site "Lublin"]
[Date "1899-12-30"]
[Round "8.18"]
[White "Klintsevich, Aliaksandra"]
[Black "Branka, Julia"]
[Result "1-0"]
[WhiteTitle "I"]
[BlackTitle "I"]
[WhiteElo "1437"]
[BlackElo "1433"]

1. d4 f5 2. e4 fxe4 3. Nc3 Nf6 4. Bg5 g6 5. Bc4 Nc6 6. Nge2 Bg7 7. Bxf6 exf6 8.
Ng3 d6 9. O-O f5 10. Nge2 Bd7 11. f3 Qg5 12. Nd5 O-O-O 13. c3 exf3 14. Rxf3 h5
15. b4 h4 16. a4 Qh6 17. a5 g5 18. b5 g4 19. Rd3 Rde8 20. bxc6 Bxc6 21. Nef4 Re4
22. Qd2 g3 23. h3 Rhe8 24. Rf1 Qg5 25. Nb4 Bh6 26. Rdf3 Bd7 27. Bd3 R4e7 28. a6
b6 29. Qa2 c6 30. Qc4 c5 31. dxc5 dxc5 32. Qd5 Re5 33. Qa8+ Kc7 34. Qxa7+ Kd6
35. Qxb6+ Ke7 36. Qc7 Kf8 37. Nbd5 Be6 38. Qxe5 Bxd5 39. Qxd5 Qf6 40. a7 Qd8 41.
Ne6+ 1-0

[Event "Druzynowe Mistrzostwa Polski Juniorow - I Liga 2023"]
[Site "Lublin"]
[Date "1899-12-30"]
[Round "8.19"]
[White "Wnek, Filip"]
[Black "Jaskiewicz, Kacper"]
[Result "1/2-1/2"]
[WhiteTitle "I++"]
[BlackTitle "I+"]
[WhiteElo "2057"]
[BlackElo "2006"]

1. e4 e5 2. Nf3 Nf6 3. d4 Nxe4 4. Bd3 d5 5. Nxe5 Bd6 6. O-O Qe7 7. Nc4 O-O 8. Nxd6
Qxd6 9. f3 Nf6 10. Qe1 Nc6 11. c3 Ne7 12. Bg5 Re8 13. Na3 a6 14. Nc2 Bf5 15. Qd2
Bxd3 16. Qxd3 h6 17. Bh4 Ng6 18. Bg3 Nf4 19. Bxf4 Qxf4 20. Rae1 c6 21. Ne3 Nh5
22. Qf5 g6 23. Qxf4 Nxf4 24. Ng4 Kg7 25. Ne5 f6 26. Nd7 Nd3 27. Rd1 Nxb2 28. Rb1
Nc4 29. Rxb7 Re7 30. Rfb1 Na5 31. Rb8 Ra7 32. Nc5 Re2 33. Kf1 Rae7 34. R1b6 f5
35. Nd3 R7e3 36. Rxa6 Rxa2 37. Nb2 Rxc3 38. Ra7+ Kf6 39. f4 Rc1+ 40. Ke2 1/2-1/2

[Event "Druzynowe Mistrzostwa Polski Juniorow - I Liga 2023"]
[Site "Lublin"]
[Date "1899-12-30"]
[Round "8.20"]
[White "Kazmierowski, Tymon"]
[Black "Gaczol, Damian"]
[Result "1-0"]
[WhiteTitle "I++"]
[BlackTitle "II"]
[WhiteElo "1979"]
[BlackElo "1205"]

1. e4 e5 2. Nf3 Nc6 3. Bb5 a6 4. Ba4 d6 5. c3 Bg4 6. d3 Nf6 7. Nbd2 Be7 8. h3 Bxf3
9. Nxf3 O-O 10. O-O b5 11. Bc2 Qd7 12. d4 exd4 13. cxd4 Rfe8 14. Re1 Rad8 15.
Bf4 h6 16. a3 Bf8 17. Rc1 Ne7 18. Bb1 Ng6 19. Bh2 Rc8 20. e5 Nd5 21. Bxg6 fxg6
22. Qd3 Re6 23. Qe4 c6 24. Nh4 dxe5 25. dxe5 Qf7 26. Nf3 Qd7 27. Nd4 Ree8 28.
e6 Qa7 29. Nxc6 Qc7 30. Bxc7 1-0

[Event "Druzynowe Mistrzostwa Polski Juniorow - I Liga 2023"]
[Site "Lublin"]
[Date "1899-12-30"]
[Round "8.21"]
[White "Micula, Jakub"]
[Black "Terkiewicz, Bruno"]
[Result "0-1"]
[WhiteTitle "I"]
[BlackTitle "I++"]
[WhiteElo "1666"]
[BlackElo "1873"]

1. e4 c5 2. Nf3 Nc6 3. d4 cxd4 4. Nxd4 e5 5. Nb5 d6 6. a4 Be6 7. N1c3 a6 8. Na3
Nb4 9. Nd5 Nxd5 10. exd5 Bd7 11. c3 Nf6 12. Bg5 Be7 13. Nc4 Ne4 14. Be3 O-O 15.
Bd3 f5 16. Nb6 Rb8 17. Qc2 Be8 18. Bxe4 fxe4 19. Qxe4 Bg6 20. Qg4 Bf5 21. Qe2
Be4 22. O-O Qe8 23. f3 Bf5 24. Rad1 Qg6 25. Kh1 e4 26. Bd4 Rbe8 27. Qf2 exf3 28.
gxf3 Qh5 29. Rg1 g6 30. Nc4 Be4 31. Nd2 Rxf3 32. Nxf3 Qxf3+ 33. Qxf3 Bxf3+ 34.
Rg2 Bxd1 0-1

[Event "Druzynowe Mistrzostwa Polski Juniorow - I Liga 2023"]
[Site "Lublin"]
[Date "1899-12-30"]
[Round "8.22"]
[White "Rutkowski, Feliks"]
[Black "Kozak, Karol"]
[Result "1/2-1/2"]
[WhiteTitle "II"]
[BlackTitle "I"]
[WhiteElo "1431"]
[BlackElo "1492"]

1. e4 c5 2. Nf3 d6 3. d4 cxd4 4. Nxd4 Nf6 5. f3 e5 6. Nb3 Be6 7. c4 Be7 8. Be3
Nbd7 9. Nc3 Nc5 10. Nxc5 dxc5 11. Qxd8+ Rxd8 12. Nd5 Nxd5 13. cxd5 Bd7 14. Rc1
b6 15. Be2 h6 16. Kf2 Bd6 17. g4 Ke7 18. h4 Rde8 19. Rh2 g6 20. Bd3 Reg8 21. Rg2
f6 22. Ke2 g5 23. h5 Rb8 24. Ke1 Rhc8 25. Rgc2 Kd8 26. b3 Be8 27. Kf2 Bd7 28.
Ke1 Be8 29. Kf2 Bd7 30. Ke1 Be8 1/2-1/2

[Event "Druzynowe Mistrzostwa Polski Juniorow - I Liga 2023"]
[Site "Lublin"]
[Date "1899-12-30"]
[Round "8.23"]
[White "Nowak, Zuzanna"]
[Black "Lukasik, Zuzanna"]
[Result "1-0"]
[WhiteTitle "I++"]
[BlackTitle "I++"]
[WhiteElo "1419"]
[BlackElo "1712"]

1. e4 c5 2. Nf3 Nc6 3. c3 d5 4. exd5 Qxd5 5. d4 Bg4 6. Be2 cxd4 7. cxd4 e6 8. Nc3
Qa5 9. h3 Bh5 10. O-O Nf6 11. Be3 Be7 12. Qb3 Qb4 13. Qxb4 Bxb4 14. Nb5 O-O 15.
Rfd1 Nd5 16. a3 Be7 17. Rac1 Rfd8 18. Nc3 Rac8 19. Nxd5 Rxd5 20. g4 Bg6 21. Ne5
Rdd8 22. Nxc6 Rxc6 23. Rxc6 bxc6 24. Bf3 Rb8 25. b4 a5 26. bxa5 Ra8 27. Bd2 Bxa3
28. Bxc6 Ra7 29. Ra1 Bd6 30. Be3 Bd3 31. d5 Rc7 32. a6 Bxa6 33. Rxa6 h6 34. Ra8+
Kh7 35. Bb6 1-0

[Event "Druzynowe Mistrzostwa Polski Juniorow - I Liga 2023"]
[Site "Lublin"]
[Date "1899-12-30"]
[Round "8.24"]
[White "Siekanska, Zofia"]
[Black "Nowak, Emilia"]
[Result "0-1"]
[WhiteTitle "II"]
[BlackTitle "I"]
[WhiteElo "1081"]
[BlackElo "1307"]

1. e4 e5 2. Nf3 Nc6 3. Bc4 Nf6 4. d3 Bc5 5. c3 d6 6. O-O a6 7. Bb3 Ba7 8. Nbd2
h6 9. Re1 Be6 10. Bxe6 fxe6 11. Nb3 O-O 12. Be3 Qe8 13. Bxa7 Nxa7 14. d4 exd4
15. cxd4 Qg6 16. e5 Nd5 17. Rc1 Nf4 18. Nh4 Nh3+ 19. Kf1 Rxf2# 0-1

[Event "Druzynowe Mistrzostwa Polski Juniorow - I Liga 2023"]
[Site "Lublin"]
[Date "1899-12-30"]
[Round "8.25"]
[White "Dziendziel, Mateusz"]
[Black "Czernecki, Andrzej"]
[Result "1-0"]
[WhiteTitle "I++"]
[BlackTitle "I"]
[WhiteElo "2091"]
[BlackElo "1796"]

1. e4 c5 2. Nf3 d6 3. d4 cxd4 4. Nxd4 Nf6 5. Nc3 Nc6 6. Bg5 e6 7. Qd2 a6 8. O-O-O
Bd7 9. Kb1 h6 10. Be3 Ng4 11. Nxc6 bxc6 12. Bf4 d5 13. Qe2 d4 14. Qxg4 dxc3 15.
Qg3 cxb2 16. Bc4 Ra7 17. Rd2 Be7 18. Qxg7 Bf6 19. Qg3 Rb7 20. Rhd1 a5 21. Bxe6
fxe6 22. Qg6+ Kf8 23. Bd6+ Be7 24. Qf6+ 1-0

[Event "Druzynowe Mistrzostwa Polski Juniorow - I Liga 2023"]
[Site "Lublin"]
[Date "1899-12-30"]
[Round "8.26"]
[White "Wandor, Adam"]
[Black "Herwy, Jakub"]
[Result "0-1"]
[WhiteTitle "II+"]
[BlackTitle "I++"]
[WhiteElo "1652"]
[BlackElo "1826"]

1. e4 d6 2. d4 Nf6 3. Nc3 e5 4. dxe5 dxe5 5. Qxd8+ Kxd8 6. f3 Be6 7. Bg5 Nbd7 8.
O-O-O c6 9. g3 Bb4 10. Nge2 Kc7 11. Be3 a5 12. h4 a4 13. Bh3 b5 14. g4 Bc5 15.
Bxc5 Nxc5 16. a3 h6 17. Rh2 Rab8 18. Rdh1 b4 19. axb4 Rxb4 20. g5 Nfd7 21. Bxe6
fxe6 22. gxh6 gxh6 23. Rg2 Rhb8 24. Nd1 a3 25. bxa3 Rb1+ 26. Kd2 Rd8 27. Nc1 Nb6+
28. Nd3 Nc4+ 29. Ke2 Nxd3 30. cxd3 Nb2 31. Nf2 Rxh1 32. Nxh1 Nxd3 33. Ke3 Nf4
34. Rg7+ Kb6 35. Nf2 c5 36. Ng4 Rd3+ 37. Kf2 Nh3+ 38. Ke2 Nf4+ 39. Kf2 Rd2+ 40.
Kf1 c4 41. Nxe5 c3 42. Nc4+ Kc6 43. Na5+ Kb5 44. Rc7 Kxa5 45. Rxc3 Rh2 46. Rc8
Rxh4 47. Ra8+ Kb6 48. Kf2 Rh5 49. Rf8 e5 50. Rf5 Rxf5 51. exf5 Kc6 52. Kg3 Kd6
53. Kg4 Ke7 54. a4 Kf6 55. a5 Nd5 56. a6 Nb6 57. a7 Na8 58. Kh4 Kxf5 59. Kg3 Nc7
60. Kg2 Kf4 0-1

[Event "Druzynowe Mistrzostwa Polski Juniorow - I Liga 2023"]
[Site "Lublin"]
[Date "1899-12-30"]
[Round "8.27"]
[White "Baran, Szymon"]
[Black "Witczak, Borys"]
[Result "0-1"]
[WhiteTitle "II+"]
[BlackTitle "I"]
[WhiteElo "1343"]
[BlackElo "1856"]

1. e4 c5 2. Nf3 d6 3. d4 cxd4 4. Nxd4 Nf6 5. Nc3 a6 6. Be2 e5 7. Nb3 Be7 8. Be3
Be6 9. Nd5 Bxd5 10. exd5 Nbd7 11. c4 O-O 12. O-O Ne8 13. Qd2 b6 14. f4 f5 15.
g3 Nc5 16. Bxc5 bxc5 17. Na5 Bf6 18. Nc6 Qc7 19. fxe5 Bxe5 20. Bd3 g6 21. Rab1
a5 22. a3 Nf6 23. Rbe1 Nd7 24. Bc2 a4 25. Rb1 Bf6 26. b3 axb3 27. Rxb3 Ne5 28.
Nxe5 Bxe5 29. Kg2 Rab8 30. a4 Rxb3 31. Bxb3 Qb7 32. Bc2 Qd7 33. Qg5 Kh8 34. h3
Bf6 35. Qd2 Qg7 36. Qe3 Be5 37. Bd1 Rb8 38. Bb3 Bd4 39. Qd3 Re8 40. Qd2 Qe5 41.
Bd1 Rb8 42. Bc2 Rb2 43. Kh2 Rb3 44. Re1 0-1

[Event "Druzynowe Mistrzostwa Polski Juniorow - I Liga 2023"]
[Site "Lublin"]
[Date "1899-12-30"]
[Round "8.28"]
[White "Rajbharath, Harjith"]
[Black "Figa, Karolina"]
[Result "1/2-1/2"]
[WhiteTitle "II"]
[BlackTitle "I++"]
[WhiteElo "1449"]
[BlackElo "1391"]

1. d4 d5 2. Nf3 Nf6 3. c4 e6 4. Nc3 Be7 5. Bg5 h6 6. Bh4 O-O 7. e3 b6 8. cxd5 Nxd5
9. Bxe7 Qxe7 10. Nxd5 exd5 11. Bd3 c5 12. b3 Nc6 13. O-O Rd8 14. Re1 Qf6 15. dxc5
bxc5 16. Rc1 Qd6 17. Bb5 Bf5 18. Bxc6 Qxc6 19. Nd4 Qc8 20. Nxf5 Qxf5 21. Rxc5
Qe6 22. Qd4 a6 23. Rd1 Rac8 24. Rxc8 Rxc8 25. h3 Rc2 26. Rd2 Qf5 27. Rxc2 Qxc2
28. Qa4 Qc1+ 29. Kh2 Qc7+ 30. g3 Qc8 31. Kg2 Qb7 32. Qd4 g6 33. b4 Qe7 34. a4
Qe8 35. a5 Qc6 36. Qc5 Qb7 37. Kh2 Qd7 38. g4 Qe6 39. b5 Qe5+ 40. Kg2 Qe4+ 41.
f3 Qd3 42. bxa6 Qd2+ 43. Kg3 g5 44. Qb5 Qxe3 45. Kg2 Qd2+ 46. Kf1 Qd1+ 47. Kf2
Qd4+ 48. Ke2 Qe5+ 49. Kd3 Qa1 50. Qxd5 Qf1+ 51. Kd4 Qxa6 52. Qd8+ Kg7 53. Kc5
Qa7+ 54. Kb5 Qb7+ 55. Qb6 Qd5+ 56. Ka6 Qa8+ 57. Kb5 Qd5+ 58. Qc5 Qb7+ 59. Kc4
Qxf3 60. Qd4+ Kg8 61. Qc3 Qc6+ 62. Kb4 Qb7+ 63. Ka3 Qe7+ 64. Qb4 Qe3+ 65. Ka4
Qe8+ 66. Ka3 Qe3+ 67. Qb3 Qc5+ 68. Ka4 Qc6+ 69. Kb4 Qd6+ 70. Kb5 Qb8+ 71. Ka4
Qe8+ 72. Ka3 Qe7+ 73. Ka4 Qe8+ 74. Kb4 Qe7+ 75. Kc4 Qc7+ 1/2-1/2

[Event "Druzynowe Mistrzostwa Polski Juniorow - I Liga 2023"]
[Site "Lublin"]
[Date "1899-12-30"]
[Round "8.29"]
[White "Obrochta, Lena"]
[Black "Biliak, Viktoria"]
[Result "0-1"]
[WhiteTitle "I++"]
[BlackTitle "II"]
[WhiteElo "1639"]
[BlackElo "1612"]

1. e4 e6 2. d4 d5 3. e5 c5 4. c3 Nc6 5. Nf3 a6 6. Bd3 b5 7. O-O Qb6 8. Re1 cxd4
9. cxd4 Bd7 10. Nbd2 Nxd4 11. Nxd4 Qxd4 12. Nb3 Qb6 13. Be3 Qd8 14. Rc1 Rc8 15.
Qg4 Ne7 16. Nc5 Ng6 17. Bd4 Rc6 18. g3 h5 19. Qf3 Bxc5 20. Bxg6 fxg6 21. Rxc5
Rf8 22. Qc3 Qc7 23. Rc1 Rxc5 24. Bxc5 Rf5 25. Re1 g5 26. b4 g4 27. Qd4 g5 28.
Rc1 Qxe5 29. Qd2 Kf7 30. Bd4 Qb8 31. Be3 Kg6 32. Qc3 e5 33. Qc5 d4 34. Bd2 Be6
35. Qe7 Bc4 36. Re1 Qh8 37. Qb7 Qf6 38. Qe4 Kh6 39. Qg2 Rf3 40. Rc1 Kg6 41. a4
Qf5 42. axb5 axb5 43. Ra1 Qc2 44. Be1 d3 45. h3 d2 46. Bxd2 Qxd2 47. hxg4 hxg4
48. Qh2 Rf7 0-1

[Event "Druzynowe Mistrzostwa Polski Juniorow - I Liga 2023"]
[Site "Lublin"]
[Date "1899-12-30"]
[Round "8.30"]
[White "Kaminska, Zuzanna"]
[Black "Strzoda, Natalia"]
[Result "1-0"]
[WhiteTitle "I"]
[BlackTitle "I"]
[WhiteElo "1312"]
[BlackElo "1294"]

1. e4 c6 2. d4 d5 3. exd5 cxd5 4. Bd3 Nc6 5. c3 Qc7 6. Ne2 Bg4 7. Na3 a6 8. f3
Bh5 9. Nf4 Nf6 10. g4 Bg6 11. g5 Nh5 12. Nxd5 Qd6 13. Nb6 Rd8 14. Nac4 Qe6+ 15.
Kf2 Bxd3 16. Qxd3 Qh3 17. Qf1 Qh4+ 18. Kg2 f6 19. Qf2 Nf4+ 20. Bxf4 Qxf4 21. gxf6
gxf6 22. Qg3 Bh6 23. Rhe1 Kf8 24. Qh3 Rg8+ 25. Kf2 Rg7 26. Re4 Qg5 27. Rg4 Qf5
28. Qxh6 Qc2+ 29. Kg3 Ke8 30. Qxg7 1-0

[Event "Druzynowe Mistrzostwa Polski Juniorow - I Liga 2023"]
[Site "Lublin"]
[Date "1899-12-30"]
[Round "8.31"]
[White "Maciaszek, Karol"]
[Black "Sidorczuk, Pawel"]
[Result "1/2-1/2"]
[WhiteTitle "I"]
[BlackTitle "I+"]
[WhiteElo "1731"]
[BlackElo "2013"]

1. d4 Nf6 2. Bg5 g6 3. Bxf6 exf6 4. c4 Bg7 5. Nc3 f5 6. e3 d6 7. g3 O-O 8. Bg2
Nd7 9. Nge2 Re8 10. O-O Nf6 11. b4 c6 12. b5 Ne4 13. Rb1 Qa5 14. Qc2 d5 15. bxc6
bxc6 16. cxd5 cxd5 17. Rb5 Qc7 18. Rxd5 Ba6 19. Rc1 Rac8 20. Qb2 Qc4 21. Qb3 Qd3
22. Nxe4 fxe4 23. Rxc8 Rxc8 24. Bf1 Rc1 25. Qb2 Rxf1+ 26. Kxf1 Qd1+ 27. Kg2 Bxe2
28. Rd8+ Bf8 29. Rxf8+ Kxf8 30. Qb8+ Ke7 31. Qc7+ Ke6 32. Qc6+ Ke7 33. Qc7+ Kf8
34. Qb8+ Kg7 35. Qe5+ f6 36. Qc7+ Kh8 37. Qb8+ Kg7 38. Qc7+ 1/2-1/2

[Event "Druzynowe Mistrzostwa Polski Juniorow - I Liga 2023"]
[Site "Lublin"]
[Date "1899-12-30"]
[Round "8.32"]
[White "Pancewicz, Szymon"]
[Black "Rajlich, Vaclav"]
[Result "1/2-1/2"]
[WhiteTitle "I+"]
[BlackTitle "I"]
[WhiteElo "1937"]
[BlackElo "1572"]

1. d4 Nf6 2. c4 g6 3. Nc3 Bg7 4. e4 d6 5. Be2 O-O 6. Be3 e5 7. d5 Na6 8. h4 Nc5
9. Qc2 a5 10. h5 c6 11. h6 Bh8 12. f3 cxd5 13. cxd5 Bd7 14. Bxc5 dxc5 15. g4 a4
16. Kf2 Ne8 17. Bb5 Nd6 18. Qe2 Nxb5 19. Nxb5 Qa5 20. Nc3 Ra6 21. Rd1 Rd6 22.
Qc2 Rc8 23. Nge2 b5 24. Ng3 b4 25. Nce2 c4 26. Ra1 Bf6 27. a3 b3 28. Qc3 Qc5+
29. Qe3 Qxe3+ 30. Kxe3 Bg5+ 31. Kf2 Rf6 32. Kg2 Bd2 33. Nc3 Rb6 34. Nge2 Bg5 35.
Rad1 Be7 36. Rh2 Bf8 37. Rdh1 Bc5 38. Kf1 Rf6 39. Kg2 Kf8 40. Rd1 Ke8 41. Ng3
Kd8 42. Nf1 Bd4 43. Rc1 Kc7 44. Kg3 Kb6 45. Re2 g5 46. Rh2 Bb5 47. Kg2 Bd7 48.
Ng3 Be3 1/2-1/2